000 00666cam a2200265 4500
001 20332
005 20230410105317.0
008 060907s1999 fr fre
020 _a2707130281
035 _9funglode20484
041 _afre
050 1 4 _aH 61
_bR425
100 1 _aCharon, Jean Marie
130 1 _aReperes
245 1 3 _aLa presse magazine /
_cJean Marie Charon
260 _aParís :
_bLa Découverte,
_c1999
300 _a123 p.
440 0 _aReperes;
_vn.264
490 0 _aRepères économie;
_v264
650 0 _aPress
_zFrance.
650 4 _aPrensa
_zFrancia.
650 4 _a20150800
730 0 _aCollection Reperes
942 _2lcc
_cbk
999 _c34129
_d34129